La Universidad Pontificia de Salamanca: sus raices. Su pasado. Su futuro

Збережено в:
Бібліографічні деталі
Формат: Книга
Мова:Іспанська
Опубліковано: Salamanca Universidad Pontificia de Salamanca 1989
Предмети:
Теги: Додати тег
Немає тегів, Будьте першим, хто поставить тег для цього запису!

MARC

LEADER 00000nam a2200000 a 4500
001 UCX8715
003 CL-VaPUC
008 940420e19890000SP |||||||||||||||||spa|d
082 0 4 |a 378.46  |b UNI  |2 21 
245 1 3 |a La Universidad Pontificia de Salamanca: sus raices. Su pasado. Su futuro 
300 |a 413 p 
942 |c BK 
945 |d 19940420 00:00:00  |a aalvarez 
260 |a Salamanca  |b Universidad Pontificia de Salamanca  |c 1989 
650 0 |a Universidad  |9 257557 
651 0 |a España  |9 254926 
583 |a last modification  |c 19940420 00:00:00  |k Rodrigo Vera 
999 |c 228137  |d 228135 
952 |0 0  |1 0  |4 0  |6 378_460000000000000_UNI_1989  |7 0  |8 DER_HIS  |9 227799  |a BIBDER  |b BIBDER  |d 2019-11-15  |i 2970007  |o 378.46 UNI 1989  |p 2970007  |r 2023-01-25  |w 2019-11-15  |x Ubicación 4to Piso  |y BK  |z Estos recursos deben solicitarse con anticipación  |k DER